000 00534nam a22001577a 4500
999 _c3507
_d3507
008 200616b ||||| |||| 00| 0 eng d
082 0 0 _a623.81
_bM2832
100 _9398
_aManning, George C.
245 1 0 _aThe Theory and technique of ship design : A study of the basic principles and the Processes employed in the design of ships of all classes
_cby George C. Manning
250 _a1st ed.
260 _aMassachusetts
_bTechnology press
_c1956
300 _ax, 256p.
365 _d48.57
650 0 _aNaval Architecture
942 _cBK